000
00257nam a2200109Ia 4500
008
190216s9999||||xx |||||||||||||| ||und||
100
_a
Panicker
245
0
_a
Success Full Interview
260
_b
Sterling Publications
650
_a
References
942
_c
REF
999
_c
35863
_d
35863